000 00644nam a2200229Ia 4500
003 GCL
008 140319s9999 xx 000 0 ara d
040 _aGCL /
_cGCL
082 0 4 _aط
_b372.72
_bم ح
100 1 _aمكتبة لبنان
245 1 0 _aالضرب /
_cمكتبة لبنان
260 _a[S.N] :
_bمكتبة لبنان
490 _aالحساب المصور للاطفال
_v0
650 0 4 _aالاطفال
650 0 4 _aرياض الاطفال
650 0 4 _aتعليم الاطفال
650 0 4 _aالرياضيات
650 0 4 _aتعليم
650 0 4 _aالحساب
650 0 4 _aالاعداد
942 _2ddc
_cBK
999 _c32803
_d32803